| 000 | 01086nam a2200229 4500 | ||
|---|---|---|---|
| 005 | 20210728213130.0 | ||
| 008 | 210318s1996 ec ao||fr|||| 001 0 spa d | ||
| 040 |
_aCENDOC CAAAP _bspa _cCAAAP |
||
| 041 | _aspa | ||
| 050 |
_aHC 228.P3 _bI59 1996 |
||
| 110 | 1 |
_9738 _aInstituto de Investigaciones de la Amazonía Peruana, IIAP |
|
| 245 | 1 |
_aPlan estratégico de la investigación : _binforme final del equipo de consultores / _cInstituto de Investigaciones de la Amazonía Peruana |
|
| 250 | _a1ra ed. | ||
| 260 |
_aLima : _bInstituto de Investigaciones de la Amazonía Peruana, _c1996 |
||
| 300 |
_a84 p.: _bil.; _c29 cm. |
||
| 500 | _aDocumento en consulta | ||
| 505 | 0 | _aLa Amazonía peruana y su entorno -- Visión del desarrollo de la Amazonía peruana -- Proyección estratégica -- Plan de investigaciones -- Estrategia de relaciones interinstitucionales -- Plan de recursos humanos -- Plan financiero -- Evaluación de impacto. | |
| 650 | 2 | 0 |
_91152 _aDesarrollo Sustentable |
| 650 | 2 | 0 |
_9253 _aCondiciones Económicas |
| 651 | 0 |
_915 _aAmazonía |
|
| 942 |
_2lcc _b16 - 03 - 21 _cBK |
||
| 999 |
_c2023 _d2023 |
||